000 00414nam a2200169Ia 4500
008 260330s2016 xx 000 0 und d
020 _a978-1-4711-7239-7
041 _aeng
082 _a158.1
_bBYR
100 _aBYRNE, RHONDA
245 _aTHE SECRET
260 _aCentral London
_bSIMON & SCHUSTER INC UK
_c2016
300 _a202pg
_bPB
365 _cRs.
650 _aSelf-Help
700 _aBYRNE, RHONDA
999 _c1218187
_d1218187